000 00364nam a22001457a 4500
005 20160623164634.0
008 160623b xxu||||| |||| 00| 0 eng d
041 _aeng
082 _b9475
100 _aBansal, Dr. R.K.
_92612
245 _aFluid Mechanics and Hydraulic Machines
260 _bLaxmi Publication
650 _aDiploma Engineering
_9817
942 _cBK
999 _c3729
_d3728